| Tag |
First Indicator |
Second Indicator |
Subfields |
| LEADER |
00000pam a2200000 a 4500 |
| 001 |
in00000077041 |
| 005 |
20151008055030.0 |
| 008 |
810507s1981 nyu 00010 eng |
| 010 |
|
|
|a 81007664
|
| 020 |
|
|
|a 0876302673
|
| 035 |
|
|
|a (OCoLC)07551542
|
| 035 |
|
|
|9 AAJ2369AM
|
| 039 |
0 |
|
|a 2
|b 3
|c 3
|d 3
|e 3
|
| 040 |
|
|
|a DLC
|c DLC
|d TXA
|d UtOrBLW
|
| 049 |
|
|
|a TXAM
|c [1361582]
|
| 050 |
0 |
0 |
|a RC488.5
|b .K45
|
| 060 |
|
0 |
|a WM 430.5.F2 K32e
|
| 082 |
0 |
|
|a 616.89/156
|2 19
|
| 100 |
1 |
|
|a Kempler, Walter.
|
| 245 |
1 |
0 |
|a Experiential psychotherapy within families /
|c by Walter Kempler.
|
| 264 |
|
1 |
|a New York :
|b Brunner/Mazel,
|c [1981]
|
| 264 |
|
4 |
|c ©1981
|
| 300 |
|
|
|a ix, 274 pages ;
|c 24 cm.
|
| 336 |
|
|
|a text
|b txt
|2 rdacontent
|
| 337 |
|
|
|a unmediated
|b n
|2 rdamedia
|
| 338 |
|
|
|a volume
|b nc
|2 rdacarrier
|
| 650 |
|
0 |
|a Family psychotherapy.
|
| 650 |
|
2 |
|a Family Therapy.
|
| 999 |
|
|
|a MARS
|
| 999 |
f |
f |
|s b72c1aac-cae3-3ec4-901c-1e891f58fd19
|i f170c228-ad56-3e48-b6bd-9f1aa9d45c9e
|t 0
|
| 952 |
f |
f |
|p ric
|a Texas A&M University
|b Rellis Campus
|c Joint Library Facility
|d Remote Storage
|t 0
|e RC488.5 .K45
|h Library of Congress classification
|i unmediated -- volume
|m A14806230058
|
| 998 |
f |
f |
|a RC488.5 .K45
|t 0
|l Remote Storage
|